SL2(R)

Αποθηκεύτηκε σε:
Λεπτομέρειες βιβλιογραφικής εγγραφής
Κύριος συγγραφέας: Lang, Serge 1927-2005
Μορφή: Βιβλίο
Γλώσσα:English
Δημοσίευση: New York : Springer-Verlag, c1985
Σειρά:Graduate studies in mathematics ; ; 105
Θέματα:
Ετικέτες: Προσθήκη ετικέτας
Δεν υπάρχουν, Καταχωρήστε ετικέτα πρώτοι!

MARC

LEADER 00000nam a2200000 i 4500
001 1/31515
008 941103s1985 eng d
020 |a 0-387-96198-4 
035 |a 1993  |l 10038849 
040 |a GR-MY-UA  |b gre  |e aacr 
041 0 |a eng 
082 0 |a 512.55 
100 1 |a Lang, Serge  |d 1927-2005. 
245 1 0 |a SL2(R) /  |c Serge Lang 
260 |a New York :   |b Springer-Verlag,   |c c1985 
300 |a 428 p.;  |c 24 cm. 
490 1 |a Graduate studies in mathematics  |v ; 105 
500 |a Includes index 
650 0 0 |a Lie groups. 
650 0 0 |a Representations of groups. 
830 0 |a Graduate studies in mathematics ;  |v ; 105 
852 |a INST  |b SAMOS  |e 19941103  |h 512.55 LAN  |p 005300006833  |q 005300006833  |t BK  |y 0 
909 |a Σ  |b 029393